| 000 | 00636nam a22002297a 4500 | ||
|---|---|---|---|
| 999 |
_c17594 _d17594 |
||
| 003 | AR-CdUCM | ||
| 008 | 190221b ||||| |||| 00| 0 spa d | ||
| 020 | _a8475251218 | ||
| 040 |
_aMUNICIPALIDAD PROVINCIAL DEL CUSCO _cBIBLIOTECA MUNICIPAL DEL CUSCO |
||
| 041 | _heng | ||
| 082 |
_a838.93 / _bK11 |
||
| 100 |
_aKakfa, Franz _937700 |
||
| 245 | _aEl castillo / | ||
| 260 |
_aBuenos Aires : _bEmece, _c1952. |
||
| 300 |
_a357 páginas ; _c20 cm. |
||
| 440 |
_aGrandes novelistas _937701 |
||
| 505 | _aContenido : Novela Argentina. | ||
| 650 |
_aNovela _9572 |
||
| 650 |
_aLiteratura _983 |
||
| 942 |
_2ddc _cLIBROS |
||
| 945 | _arcc | ||